1314 1762 1754 1549 1698 1844 1248 1313 1523 1799 1342 1888 1618 1919 1059 1706 1826 1569 1102 1194 1495 1642 1836 1958 1278 1508 1302 1179 1340 1830 1365 1772 1002 1769 1458 1906 1001 1697 1502 1197 1411 1400 1101 1634 1678 1840 1999 1232 1953 1106 1965 1364 1560 1805 1715 1842 1707 1839 1821 1249 1935 1540 1701 1935 1775 1063 1054 1706 1488 1676 1512 1327 1758 1027 1637 1076 1366 1505 1389 1721 1481 1903 1212 1149 1118 1902 1342 1850 1394 1679 1153 1603 1372 1586 1548 1925 1091 1565 1437 BCNSPRNW ULIB Ver.6.0+V

เปลี่ยนเป็นภาษาไทย

Change to English
 แสดงรายละเอียดบรรณานุกรม
  กลับหน้าหลัก

Brief Record : Get Marc (ISO 2709) : E-mail record : QR code < ปิดหน้าต่าง
LEADER : 00000nam 2200000uu 4500
001    13399112134
003     ULIB
008    110727s2549||||th 000 0 tha d
020    9749980166
050  4 HA62^bร242ส 2549
100 0  ระพินทร์ โพธิ์ศรี
245 10 สถิติเพื่อการวิจัย =^bStatistics for research /^cระพินทร์ โพธิ์ศรี
246 31 Statistics for research
250    พิมพ์ครั้งที่ 1
260    กรุงเทพฯ :^bสำนักพิมพ์แห่งจุฬาลงกรณ์มหาวิทยาลัย,^c2549.
300    292 หน้า :^bภาพประกอบ ;^c26 ซม.+^eซีดี 1 แผ่น
650  4 สถิติ
945    ^p220^l0^i022177
945    ^p220^l0^i022178
945    ^p220^l0^i022241
945    ^p220^l0^i022242
945    ^p220^l0^i022243
995    ทศพร
999 ^a ทศพร
รายการนี้ยังไม่มีแท็ก
คุณยังไม่ได้ล็อกอิน คุณสามารถมีกิจกรรมร่วมกับเว็บไซต์ได้ แต่ต้องล็อกอินก่อน ::
  ล็อกอิน

รายการสื่อสารสนเทศ

ลำดับที่ ประเภท เลขเรียก/บาร์โค้ด สถานที่ สถานะ
- ไม่พบข้อมูล -

รายการใกล้เคียง
    ผู้แต่ง [ระพินทร์ โพธิ์ศรี]

    หัวเรื่อง [สถิติ]

BibComment


ยังไม่เคยถูกคอมเมนท์

คอมเมนท์ทรัพยากรรายการนี้
  คอมเมนท์: สถิติเพื่อการวิจั..


 Copyright 2026. Bcnsprnw @Library